Normal view
MARC view
- Luis F. Chaparro
Entry Personal Name
001 - CONTROL NUMBER
- control field: 9761
003 - CONTROL NUMBER IDENTIFIER
- control field: NUST
005 - DATE AND TIME OF LATEST TRANSACTION
- control field: 20180124150028.0
008 - FIXED-LENGTH DATA ELEMENTS
- fixed length control field: 180124|| aca||aabn | a|a d
040 ## - CATALOGING SOURCE
- Original cataloging agency: NUST
- Transcribing agency: NUST
100 ## - HEADING--PERSONAL NAME
- Personal name: Luis F. Chaparro
670 ## - SOURCE DATA FOUND
- Source citation: Work cat.: (NUST)323040: Luis F. Chaparro, Signals and Systems Using MATLAB, 2011
